00631 2200217 4500001002100000005001500021035002000036245007100056100001300127250001400140300003700154260004500191082000800236084001400244020001900258600003500277650003600312650002500348504002000373990002000393INLIS00000000000390420230202102512 a0010-02230000411 aBiru Pram Frasa :bPelarian Romantis yang Membahayakan /cMegakata0 aMegakata aCet. 1,-- a228 hlm. :bilus. ;c13 x 19 cm. aYogyakarta. :bGradien Mediatama,c2022. a813 a813 MEG b a978602208227-9 aPenyunting, Nadhifa Khairunisa aPenyelaras aksara, Tri Prasetyo aIlustrator, Megakata aTentang penulis a15715/P/Bl/2023